<Le> salaire minimum, étalon de valeur.

Dopad minimálnej mzdy je stále aktuálny. Jeho priame a nepriame efekty. Úloha minimálnej mzdy ako miera hodnoty. Minimálna mzda ako nástroj merania. Minimálna mzda a určenie povinného odčerpania. Minimálna mzda a pridelenie zdrojov. Minimálna mzda ako nástroj zrážky. Minimálna mzda ako nástroj na do...

Ausführliche Beschreibung

Gespeichert in:
Bibliographische Detailangaben
1. Verfasser: Courthéoux, J.-P
Format: Buchkapitel
Sprache:Französisch
Schlagworte:
Tags: Tag hinzufügen
Keine Tags, Fügen Sie das erste Tag hinzu!

MARC

LEADER 00000naa a2200000 4500
001 r013569
005 20221205080352.9
041 0 |a fre 
044 |a FR 
245 1 0 |a <Le> salaire minimum, étalon de valeur.  |c J.-P. Courthéoux 
520 |a Dopad minimálnej mzdy je stále aktuálny. Jeho priame a nepriame efekty. Úloha minimálnej mzdy ako miera hodnoty. Minimálna mzda ako nástroj merania. Minimálna mzda a určenie povinného odčerpania. Minimálna mzda a pridelenie zdrojov. Minimálna mzda ako nástroj zrážky. Minimálna mzda ako nástroj na dosiahnutie vrcholu. (Humanisme et entreprise, jún 1992). 
610 2 0 |a mzdy minimálne 
610 2 0 |a minimum existenčné 
610 2 0 |a Francúzsko 
610 2 0 |a zrážky zo mzdy 
100 1 |a Courthéoux, J.-P.